000 00334nam a2200145Ia 4500
003 OSt
005 20240319100531.0
008 170523s9999 xx 000 0 und d
020 _a978-0070151314
040 _cIIMT UNIVERSITY
100 _aNag- P.K.
245 0 _aBasic of Applied Thermodynamics
260 _aTMH
942 _2ddc
_c02
999 _c11563
_d11563